00972nam a2200205 a 450000100100000000500170001000800410002704000250006808200140009310000380010724500970014524600690024226001160031130000360042750000350046304900090049895201120050795201300061999900170074900002833120200930031540.0110408s1990 dr 000 0 spa d aDO-SdBNPbspacBNPHU axxxxbQ591 aQuezada Ponceano, Julián95531310a1er año de gestión municipal periodo 86-90 :bobra cumbre /cJulián Quezada Ponceano,.10aPrimer año de gestión municipal periodo 86-90 :bobra cumbre aSabana Grande de Boyá, República Dominicana :bAyuntamiento municipal de Sabana Grande de Boyá,c[1990?]. a91 cm. :bil., retrs. ;c21 cm. aTítulo tomado de la cubierta aBNPD 0010718PDaPDbPDcCTd2011-04-08iLF1l0oxxxx Q59p28331-10r2020-06-25w2020-06-25yLFPDZNo se presta 0010718PDaPDbPDcCTd2011-04-11iLF1l0oxxxx Q59p28331-20r2020-06-25te. 2, extraviadow2020-06-25yLFPDZNo se presta c27823d27823